00738 a2200169 4500040001300000082001200013245003900025260001900064300001000083650004300093700001700136942002500153999001700178952013100195952010300326952013900429 aDLCbDLC a297.122 aQuraanic informationcAbdul Waheed aKarachicc2010 a253 p aHandling and recitation of Holy Quraan aAbdul Waheed cBKk297.122 ABD2ddc c10515d10515 001040708NFICaCLbCLcGENd2011-06-22eDonationg0.00l3o297.122 ABDpSEECS010587r2019-02-07s2018-10-02w2017-01-05yBK 001040708NFICaCLbCLcGENl2o297.122 ABDpSEECSD00525r2016-10-14s2016-10-07w2017-01-05yBK 00102ddc40708NFICaCLbCLcISLd2019-01-09eDonationl1o297.122 KHApCL-D-281q2020-04-12r2020-03-13s2020-03-13w2019-01-09yBK